| 000 | 00809nam a22002417a 4500 | ||
|---|---|---|---|
| 008 | 131119b xxu||||| |||| 00| 0 eng d | ||
| 020 | _a1-56032-146-6 | ||
| 024 | _cAvailable | ||
| 037 | _cAvailable | ||
| 040 |
_aMBSTU LBIRARY _dMBSTU LBIRARY |
||
| 082 |
_222 _a628.5 GLO |
||
| 100 | _aHeiza Hatta----[etal] | ||
| 245 | _aGlobal environment ptotection strategy through thermal engineering. | ||
| 260 |
_aNew York. _bHemisphere Publishers Corporation. _c1992 |
||
| 300 |
_a24 cm. _b345 page _f1 _g24 cm. |
||
| 600 | _2Industrial pollution technology. | ||
| 650 | _2Industrial pollution technology. | ||
| 700 | _aHeiza Hatta----[etal] | ||
| 270 |
_aNew York _bNew York _dIndia |
||
| 365 |
_b4202.00 _d4202.00 |
||
| 942 |
_2ddc _cBK |
||
| 999 |
_c858 _d858 |
||